00560nam a2200169 a 4500008004100000020001500041050001600056100002300072245001500095246001600110260003000126300001900156350000900175995009100184999001700275952009800292120416s1969 ||||||||||||||||| || u a0491013426 aHF 5635 Gra aGrant, Arthur J. C10aAccounting amade simple aLondonbW. H. Allenc1969 ax, 275p. : ill a0.00 D0.00FCBU-MAIN LIBRARY (Kitwe)H1I12.00UDAMAGEDZMain Library Open Access Collection c33288d33288 00102lcc41708BINDa001b001d2022-11-30oHF 5635 Grap005444r2022-11-30w2022-11-30y002